Lady Chatterley's lover
Guardado en:
| Autor principal: | |
|---|---|
| Formato: | Libro |
| Lenguaje: | inglés |
| Publicado: |
Londres
Penguin Books
1961
|
| Materias: | |
| Etiquetas: |
Agregar Etiqueta
Sin Etiquetas, Sea el primero en etiquetar este registro!
|
MARC
| LEADER | 00000nam a2200000 a 4500 | ||
|---|---|---|---|
| 001 | UCX8282 | ||
| 003 | CL-VaPUC | ||
| 008 | 940317e19610000UK |||||||||||||||||eng|d | ||
| 082 | 0 | 4 | |a 823 |b LAW |2 21 |
| 100 | |a Lawrence, David Herbert |e author |9 303256 | ||
| 245 | 1 | 0 | |a Lady Chatterley's lover |
| 300 | |a 314 p | ||
| 942 | |c BK | ||
| 945 | |d 19940317 00:00:00 |a rbrito | ||
| 260 | |a Londres |b Penguin Books |c 1961 | ||
| 650 | 0 | |a Novelas inglesas |9 265220 | |
| 583 | |a last modification |c 19940317 00:00:00 |k Rodrigo Vera | ||
| 999 | |c 227835 |d 227833 | ||
| 952 | |0 0 |1 0 |4 0 |6 823_000000000000000_LAW_1961 |7 0 |8 A |9 227099 |a BIBEDU |b BIBEDU |d 2019-11-15 |i 2962357 |o 823 LAW 1961 |p 2962357 |r 2019-11-15 |w 2019-11-15 |y BK |k LIT | ||